书目信息 |
| 题名: |
毕业短片
|
|
| 作者: | 黄丹 主编 | |
| 分册: | ||
| 出版信息: | 上海 上海三联书店 2017.9 |
|
| 页数: | 222页 | |
| 开本: | 21cm | |
| 丛书名: | ||
| 单 册: | ||
| 中图分类: | J93 | |
| 科图分类: | ||
| 主题词: | 电影制作--案例--北京 | |
| 电子资源: | ||
| ISBN: | 978-7-5426-6080-0 | |
| 000 | 01145nam0 2200217 450 | |
| 001 | 1938 | |
| 005 | 20180522154925.26 | |
| 010 | @a978-7-5426-6080-0@dCNY58.00 | |
| 100 | @a20170902d2017 em y0chiy0110 ea | |
| 101 | 0 | @achi |
| 102 | @aCN@b310000 | |
| 105 | @ay z 000yy | |
| 200 | 1 | @a毕业短片@9bi ye duan pian@f黄丹主编 |
| 210 | @a上海@c上海三联书店@d2017.9 | |
| 215 | @a222页@d21cm | |
| 330 | @a这是北京电影学院毕业联合作业的作品选,是一本真正的“做电影”实操案例。全书精选了北京电影学院多年来学生毕业联合作业的精品,为我们深入展示了每一部”电影”的创作与生产过程:从故事选材、故事架构、编剧、美工、摄影,到导演、后期剪辑,包括道具、服装的设计、创作与运用,等等。而每一部作品的最终完成,都需要各个环节的“合作”,同时还需要无论是题材或手法上,或表达上,有较大的突破,才能在最后的角逐中胜出,细节全流程呈现,无微不至。因此,可以说,本书在大量优秀案例的基础上,为广大的影视爱好者,尤其是影视行业从业者或希望进入影视行业的朋友,提供了一份难得的“做电影”的私家操作档案,有很大的参考价值。 | |
| 606 | 0 | @a电影制作@x案例@x北京 |
| 690 | @aJ93@v5 | |
| 701 | 0 | @a黄丹@9huang dan@4主编 |
| 801 | 0 | @aCN@b91CIP@c20170902 |
| 905 | @aMuseLib@dJ93@e333 | |
| 毕业短片/黄丹主编.-上海:上海三联书店,2017.9 |
| 222页;21cm |
| ISBN 978-7-5426-6080-0:CNY58.00 |
| 这是北京电影学院毕业联合作业的作品选,是一本真正的“做电影”实操案例。全书精选了北京电影学院多年来学生毕业联合作业的精品,为我们深入展示了每一部”电影”的创作与生产过程:从故事选材、故事架构、编剧、美工、摄影,到导演、后期剪辑,包括道具、服装的设计、创作与运用,等等。而每一部作品的最终完成,都需要各个环节的“合作”,同时还需要无论是题材或手法上,或表达上,有较大的突破,才能在最后的角逐中胜出,细节全流程呈现,无微不至。因此,可以说,本书在大量优秀案例的基础上,为广大的影视爱好者,尤其是影视行业从业者或希望进入影视行业的朋友,提供了一份难得的“做电影”的私家操作档案,有很大的参考价值。 |
| ● |
| 相关链接 |
|
|
|
|
正题名:毕业短片
索取号:J93/333
 
预约/预借
| 序号 | 登录号 | 条形码 | 馆藏地/架位号 | 状态 | 备注 |
| 1 | 1107305 | 211073050 | 第一样本阅览室/ [索取号:J93/333] | 在馆 | |
| 2 | 1107306 | 211073069 | 教育系资料室/ [索取号:J93/333] | 在馆 | |
| 3 | 1107307 | 211073078 | 教育系资料室/ [索取号:J93/333] | 在馆 | |
| 4 | 1107308 | 211073087 | 第一借阅区/ [索取号:J93/333] | 在馆 |